Countries with a Higher GDP Than Elon Musk's Net Worth - Statistics

General Stats
  • This quiz has been taken 112 times
  • The average score is 37 of 48
Answer Stats
Hint Answer % Correct
16.642 T China
100%
3.125 T United Kingdom
100%
22.675 T United States
100%
4.319 T Germany
98%
1.711 T Russia
98%
2.938 T France
95%
3.050 T India
94%
2.106 T Italy
94%
5.378 T Japan
94%
1.462 T Spain
94%
1.492 T Brazil
93%
1.192 T Mexico
92%
1.883 T Canada
91%
1.618 T Australia
87%
1.807 T South Korea
86%
418.2 B Argentina
85%
394.3 B Egypt
85%
329.5 B South Africa
85%
444.5 B Norway
83%
642.1 B Poland
83%
804.9 B Saudi Arabia
82%
625.9 B Sweden
82%
1.013 T Netherlands
80%
824.7 B Switzerland
80%
307.9 B Chile
79%
392.6 B Denmark
78%
300.5 B Finland
78%
1.159 T Indonesia
77%
794.5 B Turkey
77%
579.0 B Belgium
76%
481.8 B Austria
75%
295.6 B Colombia
72%
476.7 B Ireland
72%
514.0 B Nigeria
72%
682.9 B Iran
71%
446.7 B Israel
71%
401.5 B United Arab Emirates
71%
759.1 B Taiwan
70%
286.3 B Pakistan
67%
387.1 B Malaysia
66%
374.4 B Singapore
66%
538.7 B Thailand
64%
354.9 B Vietnam
64%
276.1 B Czech Republic
57%
409.6 B Bangladesh
54%
289.1 B Romania
53%
402.6 B Phillipines
11%
368.6 B Hong Kong
5%
No matching quizzes found
Score Distribution
Percent of People with Each Score
Percentile by Number Answered
Your Score History
You have not taken this quiz